Score 0/20 Timer 04:00
0 Plays Today
Attacks City % Correct
74Los Angeles
97.7%
43Dallas
93.3%
45Chicago
92.5%
62Houston
92.3%
40Denver
90.3%
47San Diego
88.2%
35Phoenix
87.4%
33Philadelphia
86.4%
28Seattle
86.4%
28Detroit
85.5%
Attacks City % Correct
27Indianapolis
83.2%
30Portland
82%
37Cleveland
81.7%
33Minneapolis
80%
38St. Louis
80%
27Baltimore
79.4%
40Louisville
72.5%
29Sacramento
70.9%
30Kansas City
69.9%
27Long Beach
23.6%
Remove Ads.
Support Sporcle.
Get the best of Sporcle when you Go Orange. This ad-free experience offers more features, more stats, and more fun while also helping to support Sporcle. Thank you for becoming a member.

You're not logged in!

Compare scores with friends on all Sporcle quizzes.
OR
Log In

Sporcle TV

Today on Sporcle TV


Watch our educational content, quiz creation guides, and fun videos on Sporcle TV.

Show Comments

Extras

Top Quizzes Today


Score Distribution

Paid Content

Your Account Isn't Verified!

In order to create a playlist on Sporcle, you need to verify the email address you used during registration. Go to your Sporcle Settings to finish the process.

Report this User

Report this user for behavior that violates our Community Guidelines.

Details: